<?xml version="1.0" encoding="UTF-8"?>
<record
    xmlns:xsi="http://www.w3.org/2001/XMLSchema-instance"
    xsi:schemaLocation="http://www.loc.gov/MARC21/slim http://www.loc.gov/standards/marcxml/schema/MARC21slim.xsd"
    xmlns="http://www.loc.gov/MARC21/slim">

  <leader>00365nam a22001577a 4500</leader>
  <controlfield tag="003">OSt</controlfield>
  <controlfield tag="005">20240329144624.0</controlfield>
  <controlfield tag="008">210211b        xxu||||| |||| 00| 0 eng d</controlfield>
  <datafield tag="020" ind1=" " ind2=" ">
    <subfield code="a"> 9789388902755</subfield>
  </datafield>
  <datafield tag="040" ind1=" " ind2=" ">
    <subfield code="c">SERIOSOFT</subfield>
  </datafield>
  <datafield tag="100" ind1=" " ind2=" ">
    <subfield code="a">CHAURASIA'S,B.D.</subfield>
  </datafield>
  <datafield tag="245" ind1=" " ind2=" ">
    <subfield code="a">HUMAN ANATOMY VOL 4</subfield>
  </datafield>
  <datafield tag="260" ind1=" " ind2=" ">
    <subfield code="a">NEW DELHI</subfield>
    <subfield code="b">CBS</subfield>
    <subfield code="c">2019</subfield>
  </datafield>
  <datafield tag="300" ind1=" " ind2=" ">
    <subfield code="a">226</subfield>
  </datafield>
  <datafield tag="942" ind1=" " ind2=" ">
    <subfield code="2">ddc</subfield>
    <subfield code="c">02</subfield>
    <subfield code="e">8TH</subfield>
  </datafield>
  <datafield tag="999" ind1=" " ind2=" ">
    <subfield code="c">50453</subfield>
    <subfield code="d">50453</subfield>
  </datafield>
  <datafield tag="952" ind1=" " ind2=" ">
    <subfield code="0">0</subfield>
    <subfield code="1">0</subfield>
    <subfield code="2">ddc</subfield>
    <subfield code="4">0</subfield>
    <subfield code="7">0</subfield>
    <subfield code="a">01</subfield>
    <subfield code="b">01</subfield>
    <subfield code="d">2021-02-11</subfield>
    <subfield code="e">ARISTHA PUBLICATION DELHI</subfield>
    <subfield code="g">0.00</subfield>
    <subfield code="i">HO/IN/49(28/01/2021)</subfield>
    <subfield code="l">3</subfield>
    <subfield code="p">01-B-131993</subfield>
    <subfield code="q">2027-03-31</subfield>
    <subfield code="r">2025-10-10</subfield>
    <subfield code="s">2025-10-10</subfield>
    <subfield code="u">medical science</subfield>
    <subfield code="w">2021-02-11</subfield>
    <subfield code="y">02</subfield>
  </datafield>
  <datafield tag="952" ind1=" " ind2=" ">
    <subfield code="0">0</subfield>
    <subfield code="1">0</subfield>
    <subfield code="2">ddc</subfield>
    <subfield code="4">0</subfield>
    <subfield code="7">0</subfield>
    <subfield code="a">01</subfield>
    <subfield code="b">01</subfield>
    <subfield code="d">2021-02-11</subfield>
    <subfield code="e">ARISTHA PUBLICATION DELHI</subfield>
    <subfield code="g">0.00</subfield>
    <subfield code="i">HO/IN/49(28/01/2021)</subfield>
    <subfield code="l">4</subfield>
    <subfield code="p">01-B-131994</subfield>
    <subfield code="r">2024-07-05</subfield>
    <subfield code="s">2024-04-02</subfield>
    <subfield code="u">medical science</subfield>
    <subfield code="w">2021-02-11</subfield>
    <subfield code="y">02</subfield>
  </datafield>
  <datafield tag="952" ind1=" " ind2=" ">
    <subfield code="0">0</subfield>
    <subfield code="1">0</subfield>
    <subfield code="2">ddc</subfield>
    <subfield code="4">0</subfield>
    <subfield code="7">0</subfield>
    <subfield code="a">01</subfield>
    <subfield code="b">01</subfield>
    <subfield code="d">2021-02-11</subfield>
    <subfield code="e">ARISTHA PUBLICATION DELHI</subfield>
    <subfield code="g">0.00</subfield>
    <subfield code="i">HO/IN/49(28/01/2021)</subfield>
    <subfield code="l">2</subfield>
    <subfield code="p">01-B-131995</subfield>
    <subfield code="r">2022-08-17</subfield>
    <subfield code="s">2021-09-30</subfield>
    <subfield code="u">medical science</subfield>
    <subfield code="w">2021-02-11</subfield>
    <subfield code="y">02</subfield>
  </datafield>
  <datafield tag="952" ind1=" " ind2=" ">
    <subfield code="0">0</subfield>
    <subfield code="1">0</subfield>
    <subfield code="2">ddc</subfield>
    <subfield code="4">0</subfield>
    <subfield code="7">0</subfield>
    <subfield code="a">01</subfield>
    <subfield code="b">01</subfield>
    <subfield code="d">2021-02-11</subfield>
    <subfield code="e">ARISTHA PUBLICATION DELHI</subfield>
    <subfield code="g">0.00</subfield>
    <subfield code="i">HO/IN/49(28/01/2021)</subfield>
    <subfield code="l">1</subfield>
    <subfield code="p">01-B-131996</subfield>
    <subfield code="r">2024-07-01</subfield>
    <subfield code="s">2024-04-22</subfield>
    <subfield code="u">medical science</subfield>
    <subfield code="w">2021-02-11</subfield>
    <subfield code="y">02</subfield>
  </datafield>
  <datafield tag="952" ind1=" " ind2=" ">
    <subfield code="0">0</subfield>
    <subfield code="1">0</subfield>
    <subfield code="2">ddc</subfield>
    <subfield code="4">0</subfield>
    <subfield code="7">0</subfield>
    <subfield code="a">01</subfield>
    <subfield code="b">01</subfield>
    <subfield code="d">2021-02-11</subfield>
    <subfield code="e">ARISTHA PUBLICATION DELHI</subfield>
    <subfield code="g">0.00</subfield>
    <subfield code="i">HO/IN/49(28/01/2021)</subfield>
    <subfield code="l">2</subfield>
    <subfield code="p">01-B-131997</subfield>
    <subfield code="q">2024-11-30</subfield>
    <subfield code="r">2024-05-03</subfield>
    <subfield code="s">2024-05-03</subfield>
    <subfield code="u">medical science</subfield>
    <subfield code="w">2021-02-11</subfield>
    <subfield code="y">02</subfield>
  </datafield>
  <datafield tag="952" ind1=" " ind2=" ">
    <subfield code="0">0</subfield>
    <subfield code="1">0</subfield>
    <subfield code="2">ddc</subfield>
    <subfield code="4">0</subfield>
    <subfield code="7">0</subfield>
    <subfield code="a">01</subfield>
    <subfield code="b">01</subfield>
    <subfield code="d">2021-02-11</subfield>
    <subfield code="e">ARISTHA PUBLICATION DELHI</subfield>
    <subfield code="g">0.00</subfield>
    <subfield code="i">HO/IN/49(28/01/2021)</subfield>
    <subfield code="l">5</subfield>
    <subfield code="p">01-B-131998</subfield>
    <subfield code="r">2024-06-29</subfield>
    <subfield code="s">2023-10-06</subfield>
    <subfield code="u">medical science</subfield>
    <subfield code="w">2021-02-11</subfield>
    <subfield code="y">02</subfield>
  </datafield>
  <datafield tag="952" ind1=" " ind2=" ">
    <subfield code="0">0</subfield>
    <subfield code="1">0</subfield>
    <subfield code="2">ddc</subfield>
    <subfield code="4">0</subfield>
    <subfield code="7">0</subfield>
    <subfield code="a">01</subfield>
    <subfield code="b">01</subfield>
    <subfield code="d">2021-02-11</subfield>
    <subfield code="e">ARISTHA PUBLICATION DELHI</subfield>
    <subfield code="g">0.00</subfield>
    <subfield code="i">HO/IN/49(28/01/2021)</subfield>
    <subfield code="l">3</subfield>
    <subfield code="p">01-B-131999</subfield>
    <subfield code="q">2027-03-31</subfield>
    <subfield code="r">2025-10-10</subfield>
    <subfield code="s">2025-10-10</subfield>
    <subfield code="u">medical science</subfield>
    <subfield code="w">2021-02-11</subfield>
    <subfield code="y">02</subfield>
  </datafield>
  <datafield tag="952" ind1=" " ind2=" ">
    <subfield code="0">0</subfield>
    <subfield code="1">0</subfield>
    <subfield code="2">ddc</subfield>
    <subfield code="4">0</subfield>
    <subfield code="7">0</subfield>
    <subfield code="a">01</subfield>
    <subfield code="b">01</subfield>
    <subfield code="d">2021-02-11</subfield>
    <subfield code="e">ARISTHA PUBLICATION DELHI</subfield>
    <subfield code="g">0.00</subfield>
    <subfield code="i">HO/IN/49(28/01/2021)</subfield>
    <subfield code="l">5</subfield>
    <subfield code="p">01-B-132000</subfield>
    <subfield code="q">2027-03-31</subfield>
    <subfield code="r">2025-10-28</subfield>
    <subfield code="s">2025-10-28</subfield>
    <subfield code="u">medical science</subfield>
    <subfield code="w">2021-02-11</subfield>
    <subfield code="y">02</subfield>
  </datafield>
  <datafield tag="952" ind1=" " ind2=" ">
    <subfield code="0">0</subfield>
    <subfield code="1">0</subfield>
    <subfield code="2">ddc</subfield>
    <subfield code="4">0</subfield>
    <subfield code="7">0</subfield>
    <subfield code="a">01</subfield>
    <subfield code="b">01</subfield>
    <subfield code="d">2021-02-11</subfield>
    <subfield code="e">ARISTHA PUBLICATION DELHI</subfield>
    <subfield code="g">0.00</subfield>
    <subfield code="i">HO/IN/49(28/01/2021)</subfield>
    <subfield code="l">1</subfield>
    <subfield code="p">01-B-132001</subfield>
    <subfield code="r">2023-07-06</subfield>
    <subfield code="s">2022-12-14</subfield>
    <subfield code="u">medical science</subfield>
    <subfield code="w">2021-02-11</subfield>
    <subfield code="y">02</subfield>
  </datafield>
  <datafield tag="952" ind1=" " ind2=" ">
    <subfield code="0">0</subfield>
    <subfield code="1">0</subfield>
    <subfield code="2">ddc</subfield>
    <subfield code="4">0</subfield>
    <subfield code="7">0</subfield>
    <subfield code="a">01</subfield>
    <subfield code="b">01</subfield>
    <subfield code="d">2021-02-11</subfield>
    <subfield code="e">ARISTHA PUBLICATION DELHI</subfield>
    <subfield code="g">0.00</subfield>
    <subfield code="i">HO/IN/49(28/01/2021)</subfield>
    <subfield code="l">1</subfield>
    <subfield code="p">01-B-132002</subfield>
    <subfield code="q">2027-03-31</subfield>
    <subfield code="r">2025-10-14</subfield>
    <subfield code="s">2025-10-14</subfield>
    <subfield code="u">medical science</subfield>
    <subfield code="w">2021-02-11</subfield>
    <subfield code="y">02</subfield>
  </datafield>
</record>
